000 01069nam a22002777a 4500
001 BD-DhSAU 9278
003 BD-DhSAU
005 20221205124448.0
008 150613b2018 bg a|||| m||| 00| 0 eng d
040 _aBD-DhSAU
082 _222
_a630
_bL122
100 _aLABONY, MT. JESMIN AKTAR
_eRegistration # 14-05811
245 _aEffect of vermicompost on wheat at different arsenic levels /
_bMS thesis
260 _aSher-e-Bangla Agricultural University :
_bDepartment of Agronomy,
_c2021
300 _axii, 68p. :
_bill. ;
_c30 cm.
500 _aMS thesis of Department of Agonomy, Faculty of Agriculture, Sher-e-Bangla Agricultural University, Dhaka, Bangladesh
504 _aIncludes bibliographical reference.
590 _aNazmul
650 _avermicompost
650 _awheat
651 _aarsenic levels
700 _aProf. Dr. Md. Shahidul Islam
_eSuperviser
700 _aProf. Dr. Mirza Hasanuzzaman
_eCo-superviser
856 _uhttp://archive.saulibrary.edu.bd:8080/xmlui/handle/123456789/4567
942 _2ddc
_cTHESIS
999 _c16276
_d16275